Gobierno local y modelo gerencial : reflexiones y propuestas para fortalecer la función directiva en los municipios reflexiones y propuestas para fortalecer la función directiva en los municipios
ISBN:
8492376880
Descripción Física:
147 pàgines : il·lustracions ; 24 cm
Idioma:
Catalán
MARC
| LEADER | 00000nam a2200000uc 4500 | ||
|---|---|---|---|
| 001 | 24012108 | ||
| 008 | s1999||||sp ||||gr|||| ||| ||cat|d | ||
| 017 | |a DL B 42072-1999 | ||
| 020 | |a 8492376880 | ||
| 040 | |a BGR |b cat | ||
| 245 | 0 | 0 | |a Gobierno local y modelo gerencial : |b reflexiones y propuestas para fortalecer la función directiva en los municipios |
| 250 | |a Primera edición | ||
| 260 | |a Barcelona : |b Fundació Carles Pi i Sunyer d'Estudis Autonòmics i Locals, |c 1999 | ||
| 300 | |a 147 pàgines : |b il·lustracions ; |c 24 cm | ||
| 490 | |a Estudis (Fundació Carles Pi i Sunyer d'Estudis Autonòmics i Locals) ; |v 4 | ||
| 650 | 1 | 0 | |a Municipis |x Govern i administració |9 22275 |
| 650 | 1 | 0 | |a Administració local |9 34286 |
| 710 | 1 | |9 52753 |a Fundació Carles Pi i Sunyer d'Estudis Autonòmics i Locals | |
| 942 | |c ARXIU |2 udc |n 1 | ||
| 952 | |0 0 |1 0 |4 0 |6 BIB584 |7 1 |9 62039 |a Arxiu |b Arxiu |d 2022-05-26 |l 0 |o Bib-584 |p 25647 |r 2022-05-26 00:00:00 |w 2022-05-26 |y ARXIU | ||
| 999 | |c 81755 |d 81755 | ||